000 00812nam a2200253Ia 4500
003 OSt
005 20221005092609.0
006 a|||||r|||| 00| 0
007 ta
008 221004b |||||||| |||| 00| 0 eng d
020 _a9781138479890 (hbk)
_cUKP 115.00
024 _a44642
037 _b1604, 15/01/2019, Bright Book Service
_cTextual
040 _aCRL
_cCRL
_beng
041 _2eng
_aeng
082 _aZ73, Q8
100 _aDowns Donald Alexander Ed.
_9617576
245 0 _aValue and limits of academic speech
_bphilosophical, poltical, and legal perspectices
260 _aNew York
_bRoutledge USA
_c2018
300 _avii,357p.
_ccm.
650 _aLAW
942 _hZ73, Q8
_cTEXL
_2cc
999 _c999101
_d999101